000 00366 a2200157 4500
001 70142
020 _a853050061X
040 _cAnchieta - Itaigara
100 _aOrthof, Sylvia
240 1 0 _aCordel adolescente, ó xente!
_lpor
245 1 0 _aCordel adolescente, ó xente!
300 _a31
362 0 _a1996
650 4 _aLiteratura infanto-juvenil
942 _cBK
999 _c70142
_d70142